Harvey Wheeler on the restoration of politics.

Bibliographic Details
Main Author: Wheeler, Harvey, 1918-2004
Format: Book
Language:English
Published: [Santa Barbara, Calif.] : Center for the Study of Democratic Institutions, [1965]
Series:Occasional papers (Center for the Study of Democratic Institutions)
Subjects:

MARC

Tag First Indicator Second Indicator Subfields
LEADER 00000cam a2200000 4500
001 in00000223821
005 20151009081049.0
008 720626s1965 cau 00000 eng
010 |a  65008775  
035 |a (OCoLC)00342154 
035 |9 AAZ6145AM 
040 |c MRC  |d TXA  |d UtOrBLW 
049 |a TXAM  |c 1 [460315]  |c 2 [919696] 
050 0 |a HC106.5  |b .W49 
100 1 |a Wheeler, Harvey,  |d 1918-2004. 
245 1 0 |a Harvey Wheeler on the restoration of politics. 
264 1 |a [Santa Barbara, Calif.] :  |b Center for the Study of Democratic Institutions,  |c [1965] 
300 |a 31 pages ;  |c 28 cm. 
336 |a text  |b txt  |2 rdacontent 
337 |a unmediated  |b n  |2 rdamedia 
338 |a volume  |b nc  |2 rdacarrier 
490 1 |a Center for the Study of Democratic Institutions. Occasional papers 
500 |a Cover title. 
500 |a "An occasional paper on the free society." 
650 0 |a Administrative law  |z United States. 
650 0 |a Law  |x Political aspects. 
651 0 |a United States  |x Economic policy. 
740 4 |a The restoration of politics. 
830 0 |a Occasional papers (Center for the Study of Democratic Institutions) 
999 |a MARS 
999 f f |s bb2a10dc-97b1-3cc0-8ac6-46e7786d4c3f  |i 65365ad0-42b9-317f-84fa-e5cf1c8f9b55  |t 0 
952 f f |p ric  |a Texas A&M University  |b Rellis Campus  |c Joint Library Facility  |d Remote Storage  |t 0  |e HC106.5 .W49  |h Library of Congress classification  |i unmediated -- volume  |m A14802574141 
998 f f |a HC106.5 .W49  |t 0  |l Remote Storage